Možnosti využitia duálneho systému vzdelávania po vzore rakúskeho a nemeckého úspechu

Tri dni v škole a dva dni v podniku. Aj takto by mohol vyzerať týždenný rozvrh žiakov stredných odborných škôl. Ide o takzvané duálne vzdelávanie, ktoré dnes funguje v mnohých európskych krajinách. Odborné vzdelávanie v Nemecku je na jednej z najvyšších priečok politickej agendy. No veľkým problémom...

Descrizione completa

Salvato in:
Dettagli Bibliografici
Autore principale: Neupauerová, Zuzana
Natura: Capitolo di libro
Lingua:slovacco
Soggetti:
Tags: Aggiungi Tag
Nessun Tag, puoi essere il primo ad aggiungerne!!

MARC

LEADER 00000nla a2200000 4500
001 0176389
005 20240530124431.2
041 0 |a slo 
044 |a SK 
245 1 0 |a Možnosti využitia duálneho systému vzdelávania po vzore rakúskeho a nemeckého úspechu  |c Zuzana Neupauerová 
520 |a Tri dni v škole a dva dni v podniku. Aj takto by mohol vyzerať týždenný rozvrh žiakov stredných odborných škôl. Ide o takzvané duálne vzdelávanie, ktoré dnes funguje v mnohých európskych krajinách. Odborné vzdelávanie v Nemecku je na jednej z najvyšších priečok politickej agendy. No veľkým problémom je, že nie je dostatok správne vzdelaných ľudí, preto narastá nezamestnanosť medzi mladými. Vzdelávací systém v Rakúsku, Nemecku a na Slovensku. 
610 2 0 |a Slovensko 
610 2 0 |a Nemecko 
610 2 0 |a Rakúsko 
610 2 0 |a politika školská 
610 2 0 |a politika vzdelávania 
100 1 |a Neupauerová, Zuzana